LIFE WITHOUT LIMITS / (Record no. 180710)
[ view plain ]
| 000 -LEADER | |
|---|---|
| fixed length control field | 01678nam a2200313 i 4500 |
| 003 - CONTROL NUMBER IDENTIFIER | |
| control field | OSt |
| 005 - DATE AND TIME OF LATEST TRANSACTION | |
| control field | 20201222123044.0 |
| 008 - FIXED-LENGTH DATA ELEMENTS--GENERAL INFORMATION | |
| fixed length control field | 201222t20102018couaf gr|||| 00| 0 may d |
| 020 ## - INTERNATIONAL STANDARD BOOK NUMBER | |
| International Standard Book Number | 9780307589743 |
| Terms of availability | RM49.90 |
| Qualifying information | paperback |
| 040 ## - CATALOGING SOURCE | |
| Original cataloging agency | PPAK |
| Language of cataloging | eng |
| Transcribing agency | PPAK |
| Description conventions | rda |
| 082 04 - DEWEY DECIMAL CLASSIFICATION NUMBER | |
| Edition number | 23 |
| Classification number | 248.86 |
| 090 00 - LOCALLY ASSIGNED LC-TYPE CALL NUMBER (OCLC); LOCAL CALL NUMBER (RLIN) | |
| Classification number (OCLC) (R) ; Classification number, CALL (RLIN) (NR) | 248.86 |
| Feature heading | VUJ |
| Feature heading | G |
| 100 1# - MAIN ENTRY--PERSONAL NAME | |
| Personal name | Vujicic, Nick, |
| Relator term | author. |
| 245 10 - TITLE STATEMENT | |
| Title | LIFE WITHOUT LIMITS / |
| Statement of responsibility, etc. | NICK VUJICIC |
| 246 15 - VARYING FORM OF TITLE | |
| Title proper/short title | Life without limits : |
| Remainder of title | inspirations for a ridiculously good life |
| 264 #1 - PRODUCTION, PUBLICATION, DISTRIBUTION, MANUFACTURE, AND COPYRIGHT NOTICE | |
| Place of production, publication, distribution, manufacture | Colorado Springs, CO : |
| Name of producer, publisher, distributor, manufacturer | Waterbrook Press, |
| Date of production, publication, distribution, manufacture, or copyright notice | 2018 |
| Date of production, publication, distribution, manufacture, or copyright notice | ©2010 |
| 300 ## - PHYSICAL DESCRIPTION | |
| Extent | viii, 278 pages, 8 unnumbered pages of plates : |
| Other physical details | color illustrations ; |
| Dimensions | 20 cm |
| 336 ## - CONTENT TYPE | |
| Source | rdacontent |
| Content type term | text |
| 337 ## - MEDIA TYPE | |
| Source | rdamedia |
| Media type term | unmediated |
| 338 ## - CARRIER TYPE | |
| Source | rdacarrier |
| Carrier type term | volume |
| 505 ## - FORMATTED CONTENTS NOTE | |
| Title | If you can't get a miracle, become one --<br/> |
| -- | No arms, no legs, no limits --<br/> |
| -- | Full assurance in the heart -- |
| -- | Love the perfectly imperfect you --<br/> |
| -- | <br/>Attitude is altitude --<br/> |
| -- | Armless but not harmless -- |
| -- | Don't let your face plant grow roots --<br/> |
| -- | The new bloke in the bushes -- |
| -- | Trust others, more or less --<br/> |
| -- | An equal opportunity hugger -- |
| -- | The ridiculous rules --<br/> |
| -- | Make giving your mission. |
| 520 ## - SUMMARY, ETC. | |
| Summary, etc. | Born without arms or legs, Vujicic overcame his disability to live not just independently but a rich, fulfilling life, becoming a model for anyone seeking true happiness. Now an internationally successful motivational speaker, his central message is finding life's purpose. |
| 600 1# - SUBJECT ADDED ENTRY--PERSONAL NAME | |
| Personal name | Vujicic, Nick , |
| 650 10 - SUBJECT ADDED ENTRY--TOPICAL TERM | |
| Topical term or geographic name entry element | Christian life |
| Topical term or geographic name entry element | Happiness |
| Form subdivision | Religious aspects |
| General subdivision | Christianity |
| Topical term or geographic name entry element | Success |
| Form subdivision | Religious aspects |
| General subdivision | Christianity |
| 942 ## - ADDED ENTRY ELEMENTS (KOHA) | |
| Source of classification or shelving scheme | Dewey Decimal Classification |
| Koha item type | Book |
| Withdrawn | Not for loan | Current library | Shelving location | Date acquired | Total Checkouts | Total Renewals | Full call number | Barcode | Date last seen | Date last checked out | Koha item type |
|---|---|---|---|---|---|---|---|---|---|---|---|
| Perpustakaan Alor Setar | Pinjaman Dewasa | 17/01/2021 | 9 | 1 | 248.86 VUJ | A01667042 | 18/01/2024 | 28/12/2023 | Book |